Veterinary reproduction and obstetrics / (Record no. 1291)

MARC details
000 -LEADER
fixed length control field 01506cam a2200325 i 4500
001 - CONTROL NUMBER
control field 22246520
005 - DATE AND TIME OF LATEST TRANSACTION
control field 20240624065331.0
008 - FIXED-LENGTH DATA ELEMENTS--GENERAL INFORMATION
fixed length control field 210921s2020 stka b 001 0 eng
010 ## - LIBRARY OF CONGRESS CONTROL NUMBER
LC control number 2019461105
020 ## - INTERNATIONAL STANDARD BOOK NUMBER
International Standard Book Number 9780702072338
Qualifying information (hardback)
040 ## - CATALOGING SOURCE
Original cataloging agency KMU
Language of cataloging eng
Description conventions rda
Transcribing agency KMU
Modifying agency KMU
042 ## - AUTHENTICATION CODE
Authentication code pcc
050 00 - LIBRARY OF CONGRESS CALL NUMBER
Classification number SF887
Item number .V48 2019
245 00 - TITLE STATEMENT
Title Veterinary reproduction and obstetrics /
Statement of responsibility, etc. edited by David E. Noakes, BVet Med, PhD, DSc(Med), DSc(hc) DVRep, DipECAR, FRCVS, Timothy J. Parkinson, BVSc, DBR, DipECAR, Med, PhD, FRCVS, School of Veterinary Sciences, Massey University, Palmerston North, New Zealand, Gary C.W. England, BVetMed, PhD, DVetMed, DVR, DVRep, DipECAR, DipACT, PFHEA, FRCVS, School of Veterinary Medicine & Science, University of Nottingham, Sutton Bonington Campus, Loughborough, United Kingdom.
250 ## - EDITION STATEMENT
Edition statement Tenth edition.
264 #1 - PRODUCTION, PUBLICATION, DISTRIBUTION, MANUFACTURE, AND COPYRIGHT NOTICE
Place of production, publication, distribution, manufacture [Edinburgh, Scotland] :
Name of producer, publisher, distributor, manufacturer Elsevier,
Date of production, publication, distribution, manufacture, or copyright notice [2019]
300 ## - PHYSICAL DESCRIPTION
Extent x, 837 pages :
Other physical details illustrations (chiefly color) ;
Dimensions 29 cm
336 ## - CONTENT TYPE
Content type term text
Content type code txt
Source rdacontent
337 ## - MEDIA TYPE
Media type term unmediated
Media type code n
Source rdamedia
338 ## - CARRIER TYPE
Carrier type term volume
Carrier type code nc
Source rdacarrier
504 ## - BIBLIOGRAPHY, ETC. NOTE
Bibliography, etc. note Includes bibliographical references and index.
650 #0 - SUBJECT ADDED ENTRY--TOPICAL TERM
Topical term or geographic name entry element Veterinary obstetrics.
650 #0 - SUBJECT ADDED ENTRY--TOPICAL TERM
Topical term or geographic name entry element Domestic animals
General subdivision Reproduction.
700 1# - ADDED ENTRY--PERSONAL NAME
Personal name Noakes, David E.,
Relator term editor.
700 1# - ADDED ENTRY--PERSONAL NAME
Personal name Parkinson, Timothy J.,
Relator term editor.
700 1# - ADDED ENTRY--PERSONAL NAME
Personal name England, Gary C. W.,
Relator term editor.
906 ## - LOCAL DATA ELEMENT F, LDF (RLIN)
a 7
b cbc
c orignew
d 2
e epcn
f 20
g y-gencatlg
942 ## - ADDED ENTRY ELEMENTS (KOHA)
Source of classification or shelving scheme Library of Congress Classification
Koha item type Non-Fiction
Suppress in OPAC No
Holdings
Withdrawn status Lost status Source of classification or shelving scheme Damaged status Not for loan Collection Home library Current library Shelving location Date acquired Source of acquisition Total Checkouts Total Renewals Full call number Barcode Date last seen Date last checked out Price effective from Koha item type
    Library of Congress Classification     Non-fiction Kapasa Makasa University Kapasa Makasa University Open Access 24.06.2024 Book Aid International 3 2 SF887 Noa 300725 05.09.2024 22.08.2024 24.06.2024 Non-Fiction
    Library of Congress Classification     Non-fiction Kapasa Makasa University Kapasa Makasa University Open Access 08.07.2024 Book Aid International     SF887 Noa 300786 08.07.2024   08.07.2024 Non-Fiction